Datum a čas kvízu
21.5
Celkem bodů
Celkový počet nahraných bodů na tomto kvízu bez doplňovacích otázek.
6.
Pořadí na kvízu
Konečné umístění týmu na tomto kvízu.
Zaznamenané odpovědi
| # | Otázka | Odpověď | Body | Výsledky |
|---|---|---|---|---|
| 1. | Který 63letý muž se ve čtvrtek... | Jiří Kajínek | 0 | |
| 2. | Vědci představili revoluční zp... | hlavy | 1 | |
| 3. | V minulém týdnu česká média in... | Jeremy Clarkson | 0 | |
| 4. | Vermontská státní univerzita u... | kočkou (kocourem) | 0 | |
| 5. | Jak se jmenuje 23letý český te... | Tomáš Macháč | 1 | |
| 6. | Středověk bývá obvykle ohranič... | D | 1 | |
| 7. | Jak se jmenoval významný střed... | Magna Carta (Magna charta libertatum) | 1 | |
| 8. | Na fotografii vidíme sochu prv... | Arnošt z Pardubic | 0 | |
| 9. | Vytvořte z těchto středověkých... | 1D 2B 3A 4C | 0 | |
| 10. | Závěrem tématu se podíváme na... | tulipán | 0 |